| 000 | 00297 a2200121 4500 | ||
|---|---|---|---|
| 999 |
_c321772 _d321772 |
||
| 001 | 86699 | ||
| 003 | NUST | ||
| 005 | 20180123110002.0 | ||
| 008 | 180123b xxu||||| |||| 00| 0 eng d | ||
| 082 | _a923.55 ABU | ||
| 100 |
_aAbu bakkr Usman Maj General _99565 |
||
| 245 |
_aBombay say GHQ Tak _hUrdu |
||
| 260 |
_aLahore _bDoost Publishers _c2009 |
||
| 300 | _a712p. | ||
| 942 |
_aCAE NUST _cBK _k923.55 ABU _2ddc |
||